| 000 | 01245nam0a22003131 4500 | ||
|---|---|---|---|
| 001 | rc\3349272 | ||
| 005 | 20260407102614.0 | ||
| 021 |
_aRU _b69-106357 |
||
| 021 |
_aRU _bРг4893-70 |
||
| 035 | _a(NLR Aleph) 007435323 | ||
| 090 |
_a7058692 _c7058692 |
||
| 100 | _a20130115d1969 |||y0rusy50 ca | ||
| 101 | 0 | _arus | |
| 102 | _aRU | ||
| 105 | _aa z ||||| | ||
| 200 | 1 |
_aРаспространение детонационных волн в электрическом и магнитном полях _eОтчет _fАвт. В.А. Левин _gМГУ им. М.В. Ломоносова. Ин-т механики |
|
| 210 |
_a[Москва _cБ. и. _d1969] |
||
| 215 |
_a18 с. _cчерт. _d29 |
||
| 300 | _aНа обл. только подзаголовок | ||
| 309 | _aОтпеч. множит. аппаратом | ||
| 320 | _aБиблиогр.: с. 17 | ||
| 700 | 1 |
_4070 _7ca _8rus _aЛевин _bВ. А. _cд-р физ.-мат. наук _f1939- _gВладимир Алексеевич _9254988 _3RU\NLR\AUTH\770255044 |
|
| 712 | 0 | 2 |
_aНИИ механики _cМосква _3RU\NLR\AUTH\889930927 _9357328 |
| 801 | 0 |
_aRU _bNLR _gpsbo |
|
| 801 | 1 |
_aRU _bELAR _2rusmarc |
|
| 852 |
_aNLR _j69-8/2369 |
||
| 942 | _cBOOK | ||
| 980 | _aNB | ||